Tutti per una /

La vita monotona e malinconica dei pensionati di Villa Felice viene sconvolta dal ritrovamento di una neonata nel parco dell'istituto. Chi è quella bimba e da chi è stata abbandonata? Le viene dato il nome di Dorotea e tutti i pensionati si avvicendano per accudirla. Poi un giorno alla porta di Vill...

पूर्ण विवरण

में बचाया:
ग्रंथसूची विवरण
मुख्य लेखक: Lavatelli, Anna (लेखक)
अन्य लेखक: Balzola, Asun (व्याख्याता)
स्वरूप: पुस्तक
भाषा:इतालवी
प्रकाशित: Casale Monferrato : Piemme junior, 1997
श्रृंखला:Il battello a vapore. Serie arancio ; 33
टैग: टैग जोड़ें
कोई टैग नहीं, इस रिकॉर्ड को टैग करने वाले पहले व्यक्ति बनें!

MARC

LEADER 00000nam a22000007i 4500
001 IT\ICCU\TO0\0559361
003 ItRI
005 20241210092719.0
008 970414s1997 it |||||| ||||| |||||c
020 |a 8838436339 
020 |a 9788838436338 
040 |b ita  |c CDM 
041 7 |a ita  |2 ISO-639-2 
082 |a 853  |2 14 
100 1 |a Lavatelli, Anna  |0 IT\ICCU\CFIV\072720  |4 aut 
240 1 0 |a Tutti per una  |9 Lavatelli, Anna 
245 1 0 |a Tutti per una /  |c Anna Lavatelli ; illustrazioni di Asun Balzola. 
260 |a Casale Monferrato :  |b Piemme junior,  |c 1997 
300 |a 156 p. :  |b ill. ;  |c 19 cm 
500 |a Sul frontespizio: Premio Andersen, Baia delle Favole, 1988 
520 |a La vita monotona e malinconica dei pensionati di Villa Felice viene sconvolta dal ritrovamento di una neonata nel parco dell'istituto. Chi è quella bimba e da chi è stata abbandonata? Le viene dato il nome di Dorotea e tutti i pensionati si avvicendano per accudirla. Poi un giorno alla porta di Villa Felice si presenta una ragazza: ha solo diciotto anni, il suo nome è Amanda. Anche lei, come Dorotea, nasconde un segreto. Età: a partire dai 9 anni. 
700 1 |a Balzola, Asun  |0 IT\ICCU\RAVV\048718  |4 ill 
830 3 |a Il battello a vapore. Serie arancio ;  |v 33  |0 IT\ICCU\RAV\0206861 
942 |2 ddc  |c BK 
952 |0 0  |1 0  |2 ddc  |4 0  |6 853_920000000000000_LAV_TUT  |7 1  |9 2208  |a RA  |b RA  |d 2024-12-10  |l 0  |o 853.92 LAV TUT  |p 9669  |r 2024-12-10 09:27:54  |w 2024-12-10  |y BK  |z Sezione ragazz3 
981 1 |6 z01  |a i   |b xxxe  
982 1 |6 z01  |a n 
999 |c 1941  |d 1941